|
|
|
|
| LEADER |
01106cam a22002411 4500 |
| 001 |
6545834 |
| 003 |
GR-PaULI |
| 005 |
20210117204227.0 |
| 008 |
811121s1959 xx a 000 0 eng |
| 040 |
|
|
|a DLC
|c DNLM
|d
|b gre
|e AACR2
|
| 082 |
|
|
|a 539.77
|2 23
|
| 100 |
1 |
|
|a Handloser, John S.
|9 164181
|e συγγραφέας.
|
| 245 |
1 |
0 |
|a Health physics instrumentation /
|b Handloser, John S.
|
| 260 |
|
|
|a New York :
|b Pergamon Press,
|c 1959.
|
| 300 |
|
|
|a x, 182 σ. :
|b εικ. ;
|c 21 εκ.
|
| 490 |
|
|
|a International series of monographs on nuclear energy. Division 5: Health physics,
|v 1.
|
| 504 |
|
|
|6 Περιλαμβάνει βιβλιογραφικές παραπομπές και ευρετήριο.
|
| 650 |
|
0 |
|a Ραδιοϊσότοπα
|x Εφαρμογές
|9 31056
|
| 830 |
|
|
|9 164182
|a International series of monographs on nuclear energy (Pergamon)
|p Health physics,
|v 1.
|
| 942 |
|
|
|2 ddc
|c BK15
|
| 952 |
|
|
|0 0
|1 0
|2 ddc
|4 0
|6 539_770000000000000_HAN
|7 0
|9 139014
|a LISP
|b LISP
|c BSC
|d 2016-04-24
|i 06645
|l 0
|o 539.77 HAN
|p 025000192408
|r 2016-04-24 00:00:00
|t 1
|y BK15
|
| 998 |
|
|
|c ΜΠΟΥΡΑΣ
|d 2017-09
|
| 999 |
|
|
|c 90941
|d 90941
|